[Event "Is Bankasi Online Satranc Turn 17-18 YAS"]
[Site "T#646243Mustafa Kemal"]
[Date "2020.05.22"]
[Round "6"]
[White "Ibrahimisik76"]
[Black "Orhanerenkarab68"]
[Result "1-0"]
[WhiteElo "1540"]
[BlackElo "1666"]
[Annotator "NA RC"]
[PlyCount "63"]
[EventDate "2020.05.22"]
[EventType "swiss (blitz)"]

1. e4 {[%emt 0:00:05]} e5 {[%emt 0:00:01]} 2. Nf3 {[%emt 0:00:01]} Nc6 {[%emt 0:00:01]} 3. Be2 {[%emt 0:00:02]} Bc5 {[%emt 0:00:02]} 4. d3 {[%emt 0:00:04]} d6 {[%emt 0:00:06]} 5. Nc3 {[%emt 0:00:03]} Nf6 {[%emt 0:00:01]} 6. Be3 {[%emt 0:00:02]} Bb6 {[%emt 0:00:01]} 7. Qd2 {[%emt 0:00:02]} O-O {[%emt 0:00:02]} 8. h3 {[%emt 0:00:03]} h6 {[%emt 0:00:01]} 9. O-O-O {[%emt 0:00:02]} Be6 {[%emt 0:00:02]} 10. g4 {[%emt 0:00:03]} Nh7 {[%emt 0:00:03]} 11. Kb1 {[%emt 0:00:02]} Re8 {[%emt 0:00:02]} 12. Rdg1 {[%emt 0:00:02]} Bxe3 {[%emt 0:00:05]} 13. fxe3 {[%emt 0:00:03]} Ng5 {[%emt 0:00:02]} 14. h4 {[%emt 0:00:07]} Nxf3 {[%emt 0:00:07]} 15. Bxf3 {[%emt 0:00:02]} Qe7 {[%emt 0:00:02]} 16. g5 {[%emt 0:00:06]} Kh7 {[%emt 0:00:07]} 17. gxh6 {[%emt 0:00:07]} Kxh6 {[%emt 0:00:02]} 18. Qg2 {[%emt 0:00:09]} g6 {[%emt 0:00:01]} 19. h5 {[%emt 0:00:05]} Qf6 {[%emt 0:00:46]} 20. hxg6+ {[%emt 0:00:04]} Kg7 {[%emt 0:00:01]} 21. gxf7+ {[%emt 0:00:32]} Kxf7 {[%emt 0:00:03]} 22. Rh7+ {[%emt 0:00:02]} Kf8 {[%emt 0:00:02]} 23. Bh5 {[%emt 0:00:10]} Re7 {[%emt 0:00:02]} 24. Rf1 {[%emt 0:00:04]} Rxh7 {[%emt 0:00:32]} 25. Rxf6+ {[%emt 0:00:04]} Ke7 {[%emt 0:00:01]} 26. Qg5 {[%emt 0:00:14]} Rxh5 {[%emt 0:00:08]} 27. Rxe6+ {[%emt 0:00:06]} Kxe6 {[%emt 0:00:01]} 28. Qxh5 {[%emt 0:00:02]} Rg8 {[%emt 0:00:08]} 29. a3 {[%emt 0:00:10]} Rg1+ {[%emt 0:00:07]} 30. Ka2 {[%emt 0:00:02]} Re1 {[%emt 0:00:02]} 31. Qh6+ {[%emt 0:00:08]} Ke7 {[%emt 0:00:01]} 32. Qh4+ {[%emt 0:00:03] Orhanerenkarab68 terk eder (Lag: Av=1.20s, max=2.9s)} 1-0

[Event "Is Bankasi Online Satranc Turn 17-18 YAS"]
[Site "T#646243Mustafa Kemal"]
[Date "2020.05.22"]
[Round "6"]
[White "batuhantasagil42"]
[Black "Huseyinazizcak12"]
[Result "0-1"]
[WhiteElo "1532"]
[BlackElo "1571"]
[Annotator "NA RC"]
[PlyCount "134"]
[EventDate "2020.05.22"]
[EventType "swiss (blitz)"]

1. e4 {[%emt 0:00:07]} e5 {[%emt 0:00:02]} 2. Nf3 {[%emt 0:00:01]} Qf6 {[%emt 0:00:04]} 3. d4 {[%emt 0:00:04]} d6 {[%emt 0:00:13]} 4. Bg5 {[%emt 0:00:07]} Qe6 {[%emt 0:00:06]} 5. d5 {[%emt 0:00:05]} Qg4 {[%emt 0:00:07]} 6. h3 {[%emt 0:00:03]} Qxe4+ {[%emt 0:00:04]} 7. Be2 {[%emt 0:00:21]} Qb4+ {[%emt 0:00:05]} 8. Bd2 {[%emt 0:00:06]} Qxb2 {[%emt 0:00:04]} 9. Bc3 {[%emt 0:00:00]} Qb6 {[%emt 0:00:14]} 10. O-O {[%emt 0:00:09]} c6 {[%emt 0:00:03]} 11. dxc6 {[%emt 0:00:04]} Nxc6 {[%emt 0:00:04]} 12. Nfd2 {[%emt 0:00:06]} Nf6 {[%emt 0:00:14]} 13. Nc4 {[%emt 0:00:04]} Qd8 {[%emt 0:00:11]} 14. Qd2 {[%emt 0:00:17]} d5 {[%emt 0:00:15]} 15. Nca3 {[%emt 0:00:35]} d4 {[%emt 0:00:04]} 16. Bb2 {[%emt 0:00:09]} Bb4 {[%emt 0:00:07]} 17. c3 {[%emt 0:00:05]} dxc3 {[%emt 0:00:12]} 18. Qxd8+ {[%emt 0:00:08]} Nxd8 {[%emt 0:00:04]} 19. Bxc3 {[%emt 0:00:08]} Bxa3 {[%emt 0:00:04]} 20. Nxa3 {[%emt 0:00:03]} Nc6 {[%emt 0:00:06]} 21. Nb5 {[%emt 0:00:03]} Nd5 {[%emt 0:00:10]} 22. Rad1 {[%emt 0:00:10]} Be6 {[%emt 0:00:07]} 23. Rc1 {[%emt 0:00:14]} O-O {[%emt 0:00:13]} 24. Rfd1 {[%emt 0:00:09]} a6 {[%emt 0:00:05]} 25. Na3 {[%emt 0:00:08]} Nxc3 {[%emt 0:00:03]} 26. Rxc3 {[%emt 0:00:04]} Bxa2 {[%emt 0:00:06]} 27. Bc4 {[%emt 0:00:01]} Bxc4 {[%emt 0:00:08]} 28. Nxc4 {[%emt 0:00:02]} b5 {[%emt 0:00:06]} 29. Nb6 {[%emt 0:00:01]} Rad8 {[%emt 0:00:09]} 30. Rxd8 {[%emt 0:00:03]} Nxd8 {[%emt 0:00:02]} 31. Nd7 {[%emt 0:00:06]} Re8 {[%emt 0:00:03]} 32. Re3 {[%emt 0:00:02]} f6 {[%emt 0:00:03]} 33. Nc5 {[%emt 0:00:04]} Nc6 {[%emt 0:00:05]} 34. Nxa6 {[%emt 0:00:03]} b4 {[%emt 0:00:03]} 35. Rb3 {[%emt 0:00:03]} Ra8 {[%emt 0:00:07]} 36. Nxb4 {[%emt 0:00:04]} Nxb4 {[%emt 0:00:02]} 37. Rxb4 {[%emt 0:00:02]} Ra1+ {[%emt 0:00:02]} 38. Kh2 {[%emt 0:00:00]} Ra2 {[%emt 0:00:02]} 39. f3 {[%emt 0:00:05]} Rf2 {[%emt 0:00:04]} 40. Kg3 {[%emt 0:00:04]} Rd2 {[%emt 0:00:05]} 41. f4 {[%emt 0:00:07]} e4 {[%emt 0:00:03]} 42. Rxe4 {[%emt 0:00:02]} Rd6 {[%emt 0:00:04]} 43. f5 {[%emt 0:00:02]} Kf7 {[%emt 0:00:04]} 44. Kf4 {[%emt 0:00:02]} Rd2 {[%emt 0:00:02]} 45. g4 {[%emt 0:00:02]} Rh2 {[%emt 0:00:02]} 46. Kg3 {[%emt 0:00:02]} Rd2 {[%emt 0:00:03]} 47. Kf3 {[%emt 0:00:04]} h6 {[%emt 0:00:03]} 48. Kf4 {[%emt 0:00:02]} Rf2+ {[%emt 0:00:03]} 49. Kg3 {[%emt 0:00:02]} Rd2 {[%emt 0:00:01]} 50. Kf3 {[%emt 0:00:01]} g5 {[%emt 0:00:02]} 51. fxg6+ {[%emt 0:00:01]} Kxg6 {[%emt 0:00:02]} 52. Kf4 {[%emt 0:00:02] Huseyinazizcak12 beraberlik teklif ediyor} Rf2+ {[%emt 0:00:03]} 53. Ke3 {[%emt 0:00:02]} Rh2 {[%emt 0:00:02]} 54. Kf4 {[%emt 0:00:06]} Rxh3 {[%emt 0:00:02]} 55. Rd4 {[%emt 0:00:04]} Rh4 {[%emt 0:00:02]} 56. Re4 {[%emt 0:00:01]} h5 {[%emt 0:00:03]} 57. Kg3 {[%emt 0:00:00]} Rxg4+ {[%emt 0:00:02]} 58. Rxg4+ {[%emt 0:00:01]} hxg4 {[%emt 0:00:01]} 59. Kxg4 {[%emt 0:00:01]} f5+ {[%emt 0:00:01]} 60. Kf3 {[%emt 0:00:02]} Kg5 {[%emt 0:00:01]} 61. Kg3 {[%emt 0:00:01]} f4+ {[%emt 0:00:01]} 62. Kf3 {[%emt 0:00:01]} Kf5 {[%emt 0:00:01]} 63. Kf2 {[%emt 0:00:02]} Ke4 {[%emt 0:00:02]} 64. Ke2 {[%emt 0:00:00]} f3+ {[%emt 0:00:02]} 65. Kf2 {[%emt 0:00:01]} Kf4 {[%emt 0:00:01]} 66. Ke1 {[%emt 0:00:03]} Kg3 {[%emt 0:00:03]} 67. Kd2 {[%emt 0:00:09]} Kg2 {[%emt 0:00:01] Zaman (Lag: Av=0.71s, max=1.3s)} 0-1

[Event "Is Bankasi Online Satranc Turn 17-18 YAS"]
[Site "T#646243Mustafa Kemal"]
[Date "2020.05.22"]
[Round "6"]
[White "Ahmetozer26"]
[Black "Mehmetkozak72"]
[Result "1-0"]
[WhiteElo "1361"]
[BlackElo "1424"]
[Annotator "NA RC"]
[PlyCount "119"]
[EventDate "2020.05.22"]
[EventType "swiss (blitz)"]

1. e4 {[%emt 0:00:03]} c5 {[%emt 0:00:01]} 2. Nf3 {[%emt 0:00:03]} d6 {[%emt 0:00:01]} 3. b3 {[%emt 0:00:03]} Nc6 {[%emt 0:00:01]} 4. Bb2 {[%emt 0:00:01]} e5 {[%emt 0:00:00]} 5. Nc3 {[%emt 0:00:02]} Bg4 {[%emt 0:00:01]} 6. h3 {[%emt 0:00:03]} Bxf3 {[%emt 0:00:02]} 7. Qxf3 {[%emt 0:00:01]} Nd4 {[%emt 0:00:01]} 8. Qd1 {[%emt 0:00:10]} Be7 {[%emt 0:00:07]} 9. Nd5 {[%emt 0:00:01]} Nf6 {[%emt 0:00:02]} 10. Nxe7 {[%emt 0:00:02]} Qxe7 {[%emt 0:00:01]} 11. Be2 {[%emt 0:00:05]} Nxe4 {[%emt 0:00:02]} 12. O-O {[%emt 0:00:05]} O-O {[%emt 0:00:09]} 13. d3 {[%emt 0:00:03]} Nf6 {[%emt 0:00:04]} 14. Qd2 {[%emt 0:00:04]} Rac8 {[%emt 0:00:06]} 15. c3 {[%emt 0:00:04]} Nc6 {[%emt 0:00:09]} 16. Rfe1 {[%emt 0:00:08]} Qe6 {[%emt 0:00:11]} 17. d4 {[%emt 0:00:03]} cxd4 {[%emt 0:00:03]} 18. cxd4 {[%emt 0:00:01]} Ne4 {[%emt 0:00:13]} 19. d5 {[%emt 0:00:16]} Nxd2 {[%emt 0:00:11]} 20. dxe6 {[%emt 0:00:01]} fxe6 {[%emt 0:00:11]} 21. Rad1 {[%emt 0:00:06]} Ne4 {[%emt 0:00:01]} 22. Bf3 {[%emt 0:00:02]} d5 {[%emt 0:00:20]} 23. Bxe4 {[%emt 0:00:07]} dxe4 {[%emt 0:00:00]} 24. Rxe4 {[%emt 0:00:03]} Rf4 {[%emt 0:00:05]} 25. Re2 {[%emt 0:00:10]} Kf7 {[%emt 0:00:21]} 26. Rde1 {[%emt 0:00:03]} Kf6 {[%emt 0:00:02]} 27. Bxe5+ {[%emt 0:00:17]} Nxe5 {[%emt 0:00:08]} 28. Rxe5 {[%emt 0:00:01]} Rc2 {[%emt 0:00:00]} 29. Rxe6+ {[%emt 0:00:05]} Kf7 {[%emt 0:00:02]} 30. R6e2 {[%emt 0:00:02]} Rxe2 {[%emt 0:00:06]} 31. Rxe2 {[%emt 0:00:01]} Rd4 {[%emt 0:00:03]} 32. f3 {[%emt 0:00:05]} b5 {[%emt 0:00:05]} 33. Kf2 {[%emt 0:00:02]} a5 {[%emt 0:00:02]} 34. Ke3 {[%emt 0:00:01]} Rd5 {[%emt 0:00:07]} 35. Kf4 {[%emt 0:00:07]} Kf6 {[%emt 0:00:04]} 36. g4 {[%emt 0:00:02]} g5+ {[%emt 0:00:04]} 37. Kg3 {[%emt 0:00:04]} Rd6 {[%emt 0:00:08]} 38. f4 {[%emt 0:00:05]} gxf4+ {[%emt 0:00:06]} 39. Kxf4 {[%emt 0:00:01]} Rd4+ {[%emt 0:00:00]} 40. Kg3 {[%emt 0:00:03]} Rd3+ {[%emt 0:00:06]} 41. Kf4 {[%emt 0:00:01]} Rd4+ {[%emt 0:00:01]} 42. Ke3 {[%emt 0:00:05]} Rd5 {[%emt 0:00:03]} 43. Rf2+ {[%emt 0:00:04]} Kg5 {[%emt 0:00:02]} 44. Rf7 {[%emt 0:00:08]} h5 {[%emt 0:00:08]} 45. Kf3 {[%emt 0:00:10]} Rd3+ {[%emt 0:00:04]} 46. Kg2 {[%emt 0:00:02]} hxg4 {[%emt 0:00:04]} 47. Rg7+ {[%emt 0:00:06]} Kf5 {[%emt 0:00:08]} 48. hxg4+ {[%emt 0:00:05]} Kf4 {[%emt 0:00:02]} 49. Rb7 {[%emt 0:00:17]} Rd2+ {[%emt 0:00:04]} 50. Kh3 {[%emt 0:00:02]} Rxa2 {[%emt 0:00:07]} 51. Rxb5 {[%emt 0:00:01]} Rb2 {[%emt 0:00:03]} 52. Rf5+ {[%emt 0:00:18]} Ke4 {[%emt 0:00:04]} 53. Rxa5 {[%emt 0:00:14]} Rxb3+ {[%emt 0:00:01]} 54. Kh4 {[%emt 0:00:06]} Kf4 {[%emt 0:00:01]} 55. Ra4+ {[%emt 0:00:02]} Ke5 {[%emt 0:00:03]} 56. g5 {[%emt 0:00:05]} Rb6 {[%emt 0:00:03]} 57. Rg4 {[%emt 0:00:02]} Kf5 {[%emt 0:00:05]} 58. Kh5 {[%emt 0:00:03]} Rc6 {[%emt 0:00:05]} 59. Rg2 {[%emt 0:00:10]} Rg6 {[%emt 0:00:04]} 60. Rf2+ {[%emt 0:00:03] Mehmetkozak72 terk eder (Lag: Av=0.49s, max=0.8s)} 1-0

[Event "Is Bankasi Online Satranc Turn 17-18 YAS"]
[Site "T#646243Mustafa Kemal"]
[Date "2020.05.22"]
[Round "6"]
[White "Mahmutemrekord40"]
[Black "Ahmetay38"]
[Result "0-1"]
[WhiteElo "1281"]
[BlackElo "1395"]
[Annotator "NA RC"]
[PlyCount "96"]
[EventDate "2020.05.22"]
[EventType "swiss (blitz)"]

1. e4 {[%emt 0:00:04]} c6 {[%emt 0:00:02]} 2. Nc3 {[%emt 0:00:04]} d5 {[%emt 0:00:01]} 3. Nf3 {[%emt 0:00:02]} Nf6 {[%emt 0:00:03]} 4. Nh4 {[%emt 0:00:10]} dxe4 {[%emt 0:00:03]} 5. f3 {[%emt 0:00:04]} exf3 {[%emt 0:00:02]} 6. gxf3 {[%emt 0:00:03]} e5 {[%emt 0:00:08]} 7. Na4 {[%emt 0:00:05]} Nd5 {[%emt 0:00:14]} 8. Nf5 {[%emt 0:00:04]} Bxf5 {[%emt 0:00:05]} 9. f4 {[%emt 0:00:05]} exf4 {[%emt 0:00:08]} 10. Nc5 {[%emt 0:00:06]} Qe7+ {[%emt 0:00:03]} 11. Qe2 {[%emt 0:00:13]} Qxe2+ {[%emt 0:00:08]} 12. Bxe2 {[%emt 0:00:04]} Bxc5 {[%emt 0:00:03]} 13. d3 {[%emt 0:00:05]} Nb4 {[%emt 0:00:04]} 14. Kd1 {[%emt 0:00:16]} Nd7 {[%emt 0:00:06]} 15. Bxf4 {[%emt 0:00:03]} Bd4 {[%emt 0:00:14]} 16. Rf1 {[%emt 0:00:01]} Bxb2 {[%emt 0:00:03]} 17. Rb1 {[%emt 0:00:02]} Bc3 {[%emt 0:00:05]} 18. Bd2 {[%emt 0:00:16]} Bxd2 {[%emt 0:00:03]} 19. Kxd2 {[%emt 0:00:01]} Bh3 {[%emt 0:00:25]} 20. Rfe1 {[%emt 0:00:05]} Nd5 {[%emt 0:00:03]} 21. Kc1 {[%emt 0:00:02]} Nf4 {[%emt 0:00:02]} 22. Rb3 {[%emt 0:00:06]} Nxe2+ {[%emt 0:00:02]} 23. Rxe2+ {[%emt 0:00:02]} Be6 {[%emt 0:00:09]} 24. Re1 {[%emt 0:00:06]} O-O {[%emt 0:00:02]} 25. Rxb7 {[%emt 0:00:13]} Nc5 {[%emt 0:00:09]} 26. Rc7 {[%emt 0:00:06]} Bd5 {[%emt 0:00:08]} 27. Rce7 {[%emt 0:00:14]} Bxa2 {[%emt 0:00:19]} 28. d4 {[%emt 0:00:09]} Na6 {[%emt 0:00:05]} 29. R7e2 {[%emt 0:00:07]} Nb4 {[%emt 0:00:01]} 30. Rd1 {[%emt 0:00:10]} a5 {[%emt 0:00:03]} 31. c3 {[%emt 0:00:02]} Nd5 {[%emt 0:00:03]} 32. Re5 {[%emt 0:00:03]} Nc7 {[%emt 0:00:05]} 33. Re7 {[%emt 0:00:06]} Nd5 {[%emt 0:00:04]} 34. Re5 {[%emt 0:00:03]} a4 {[%emt 0:00:01]} 35. Re2 {[%emt 0:00:04]} Nxc3 {[%emt 0:00:01]} 36. Rxa2 {[%emt 0:00:08]} Nxa2+ {[%emt 0:00:05]} 37. Kb2 {[%emt 0:00:05]} Nb4 {[%emt 0:00:02]} 38. Rc1 {[%emt 0:00:05]} a3+ {[%emt 0:00:01]} 39. Kb1 {[%emt 0:00:08]} a2+ {[%emt 0:00:01]} 40. Ka1 {[%emt 0:00:02]} Nc2+ {[%emt 0:00:03]} 41. Rxc2 {[%emt 0:00:03]} Rfb8 {[%emt 0:00:03]} 42. Rxa2 {[%emt 0:00:03]} Rxa2+ {[%emt 0:00:03]} 43. Kxa2 {[%emt 0:00:02]} f5 {[%emt 0:00:01]} 44. h3 {[%emt 0:00:02]} f4 {[%emt 0:00:02]} 45. Ka3 {[%emt 0:00:06]} f3 {[%emt 0:00:00]} 46. Ka4 {[%emt 0:00:02]} f2 {[%emt 0:00:01]} 47. Ka5 {[%emt 0:00:01]} f1=Q {[%emt 0:00:00]} 48. d5 {[%emt 0:00:05]} Qa1# {[%emt 0:00:02] (Lag: Av=0.58s, max=0.9s)} 0-1

[Event "Is Bankasi Online Satranc Turn 17-18 YAS"]
[Site "T#646243Mustafa Kemal"]
[Date "2020.05.22"]
[Round "7"]
[White "Ataberkturkmen48"]
[Black "tunaonatnalban08"]
[Result "0-1"]
[WhiteElo "1903"]
[BlackElo "2038"]
[Annotator "NA RC"]
[PlyCount "128"]
[EventDate "2020.05.22"]
[EventType "swiss (blitz)"]
[TimeControl "180+2"]

1. e4 {[%emt 0:00:03]} Nc6 {[%emt 0:00:05]} 2. d4 {[%emt 0:00:05]} e5 {[%emt 0:00:02]} 3. dxe5 {[%emt 0:00:21]} Nxe5 {[%emt 0:00:02]} 4. f4 {[%emt 0:00:01]} Ng6 {[%emt 0:00:08]} 5. Nf3 {[%emt 0:00:01]} Bc5 {[%emt 0:00:06]} 6. Nc3 {[%emt 0:00:10]} d6 {[%emt 0:00:16]} 7. Bc4 {[%emt 0:00:02]} Nf6 {[%emt 0:00:06]} 8. Qe2 {[%emt 0:00:19]} O-O {[%emt 0:00:08]} 9. Be3 {[%emt 0:00:02]} Bxe3 {[%emt 0:00:04]} 10. Qxe3 {[%emt 0:00:00]} Qe7 {[%emt 0:00:08]} 11. O-O-O {[%emt 0:00:03]} c6 {[%emt 0:00:09]} 12. h4 {[%emt 0:00:17]} h5 {[%emt 0:00:09]} 13. Rhe1 {[%emt 0:00:35]} b5 {[%emt 0:00:11]} 14. Bb3 {[%emt 0:00:19]} a5 {[%emt 0:00:02]} 15. Ng5 {[%emt 0:01:02]} a4 {[%emt 0:00:06]} 16. Bxf7+ {[%emt 0:00:01]} Rxf7 {[%emt 0:00:01]} 17. Nxf7 {[%emt 0:00:00]} Qxf7 {[%emt 0:00:03]} 18. Rxd6 {[%emt 0:00:03]} b4 {[%emt 0:00:05]} 19. f5 {[%emt 0:00:06]} bxc3 {[%emt 0:00:06]} 20. fxg6 {[%emt 0:00:01]} cxb2+ {[%emt 0:00:01]} 21. Kb1 {[%emt 0:00:01]} Qe8 {[%emt 0:00:08]} 22. e5 {[%emt 0:00:03]} Ng4 {[%emt 0:00:06]} 23. Qg5 {[%emt 0:00:02]} Be6 {[%emt 0:00:06]} 24. Qxh5 {[%emt 0:00:02]} Nh6 {[%emt 0:00:04]} 25. Red1 {[%emt 0:00:04]} Bg4 {[%emt 0:00:06]} 26. Qg5 {[%emt 0:00:02]} Bxd1 {[%emt 0:00:01]} 27. Rxd1 {[%emt 0:00:00]} Qf8 {[%emt 0:00:11]} 28. e6 {[%emt 0:00:03]} Re8 {[%emt 0:00:03]} 29. Re1 {[%emt 0:00:03]} Qe7 {[%emt 0:00:06]} 30. Qxe7 {[%emt 0:00:04]} Rxe7 {[%emt 0:00:00]} 31. Kxb2 {[%emt 0:00:00]} Rb7+ {[%emt 0:00:13]} 32. Ka3 {[%emt 0:00:01]} Kf8 {[%emt 0:00:02]} 33. Kxa4 {[%emt 0:00:03]} Ke7 {[%emt 0:00:03]} 34. Re4 {[%emt 0:00:02]} Nf5 {[%emt 0:00:03]} 35. h5 {[%emt 0:00:02]} Ng3 {[%emt 0:00:04]} 36. Re5 {[%emt 0:00:03]} Rb8 {[%emt 0:00:01]} 37. c4 {[%emt 0:00:02]} Kd6 {[%emt 0:00:03]} 38. Rg5 {[%emt 0:00:03]} Ne4 {[%emt 0:00:01]} 39. Rg4 {[%emt 0:00:03]} Nc5+ {[%emt 0:00:03]} 40. Ka3 {[%emt 0:00:01]} Nxe6 {[%emt 0:00:02]} 41. h6 {[%emt 0:00:01]} gxh6 {[%emt 0:00:03]} 42. Rh4 {[%emt 0:00:00]} Rh8 {[%emt 0:00:10]} 43. Kb4 {[%emt 0:00:02]} c5+ {[%emt 0:00:02]} 44. Kc3 {[%emt 0:00:02]} Ke5 {[%emt 0:00:02]} 45. a4 {[%emt 0:00:02]} Kf6 {[%emt 0:00:03]} 46. a5 {[%emt 0:00:01]} Kxg6 {[%emt 0:00:04]} 47. Re4 {[%emt 0:00:02]} Kf5 {[%emt 0:00:02]} 48. Re1 {[%emt 0:00:02]} Ra8 {[%emt 0:00:04]} 49. g4+ {[%emt 0:00:02]} Kf6 {[%emt 0:00:04]} 50. Rf1+ {[%emt 0:00:01]} Kg6 {[%emt 0:00:06]} 51. Re1 {[%emt 0:00:02]} Nd4 {[%emt 0:00:03]} 52. Re5 {[%emt 0:00:04]} Rxa5 {[%emt 0:00:02]} 53. Kd3 {[%emt 0:00:02]} Kf6 {[%emt 0:00:06]} 54. Rh5 {[%emt 0:00:02]} Kg6 {[%emt 0:00:03]} 55. Ke4 {[%emt 0:00:01]} Ne6 {[%emt 0:00:04]} 56. Rd5 {[%emt 0:00:02]} Ng5+ {[%emt 0:00:02]} 57. Kf4 {[%emt 0:00:01]} Ne6+ {[%emt 0:00:04]} 58. Ke5 {[%emt 0:00:02]} Nd4 {[%emt 0:00:02]} 59. Kf4 {[%emt 0:00:03]} Ra4 {[%emt 0:00:04]} 60. Rd6+ {[%emt 0:00:01]} Kg7 {[%emt 0:00:03]} 61. Rd7+ {[%emt 0:00:04]} Kf6 {[%emt 0:00:01]} 62. Rd6+ {[%emt 0:00:01]} Ne6+ {[%emt 0:00:01]} 63. Ke4 {[%emt 0:00:01]} Rxc4+ {[%emt 0:00:01]} 64. Ke3 {[%emt 0:00:01]} Rxg4 {[%emt 0:00:01] Ataberkturkmen48 terk eder (Lag: Av=0.52s, max=1.2s)} 0-1

[Event "Is Bankasi Online Satranc Turn 17-18 YAS"]
[Site "T#646243Mustafa Kemal"]
[Date "2020.05.22"]
[Round "7"]
[White "Umuterdemgundu70"]
[Black "Hakansimsek70"]
[Result "1-0"]
[WhiteElo "1859"]
[BlackElo "1790"]
[Annotator "NA RC"]
[PlyCount "89"]
[EventDate "2020.05.22"]
[EventType "swiss (blitz)"]
[TimeControl "180+2"]

1. e4 {[%emt 0:00:03]} e5 {[%emt 0:00:01]} 2. Nf3 {[%emt 0:00:01]} Nc6 {[%emt 0:00:02]} 3. Bb5 {[%emt 0:00:01]} Nf6 {[%emt 0:00:02]} 4. O-O {[%emt 0:00:02]} Nxe4 {[%emt 0:00:02]} 5. Re1 {[%emt 0:00:01]} Nd6 {[%emt 0:00:01]} 6. Nxe5 {[%emt 0:00:01]} Nxe5 {[%emt 0:00:05]} 7. Rxe5+ {[%emt 0:00:00]} Be7 {[%emt 0:00:02]} 8. Bd3 {[%emt 0:00:07]} O-O {[%emt 0:00:06]} 9. Nc3 {[%emt 0:00:06]} Bf6 {[%emt 0:00:04]} 10. Re3 {[%emt 0:00:01]} Re8 {[%emt 0:00:05]} 11. Nd5 {[%emt 0:00:20]} c6 {[%emt 0:00:10]} 12. Nxf6+ {[%emt 0:00:45]} Qxf6 {[%emt 0:00:05]} 13. Rb1 {[%emt 0:00:12]} Rxe3 {[%emt 0:00:18]} 14. fxe3 {[%emt 0:00:00]} Nf5 {[%emt 0:00:05]} 15. b3 {[%emt 0:00:04]} d5 {[%emt 0:00:05]} 16. Bb2 {[%emt 0:00:01]} Qg5 {[%emt 0:00:08]} 17. Qf3 {[%emt 0:00:06]} Nh4 {[%emt 0:00:28]} 18. Qf2 {[%emt 0:00:02]} Bh3 {[%emt 0:00:07]} 19. g3 {[%emt 0:00:24]} Re8 {[%emt 0:00:28]} 20. Re1 {[%emt 0:00:44]} Ng6 {[%emt 0:00:22]} 21. e4 {[%emt 0:00:06]} dxe4 {[%emt 0:00:07]} 22. Rxe4 {[%emt 0:00:11]} Rxe4 {[%emt 0:00:12]} 23. Bxe4 {[%emt 0:00:00]} h5 {[%emt 0:00:11]} 24. Qd4 {[%emt 0:00:17]} Nf4 {[%emt 0:00:11]} 25. Qd6 {[%emt 0:00:08]} Ne6 {[%emt 0:00:17] '} 26. Qe5 {[%emt 0:00:05]} Qxe5 {[%emt 0:00:02]} 27. Bxe5 {[%emt 0:00:00]} f6 {[%emt 0:00:02]} 28. Bc3 {[%emt 0:00:02]} Nc5 {[%emt 0:00:02]} 29. Bf3 {[%emt 0:00:01]} Bg4 {[%emt 0:00:05]} 30. Bxg4 {[%emt 0:00:01]} hxg4 {[%emt 0:00:00]} 31. Bd4 {[%emt 0:00:01]} Ne4 {[%emt 0:00:03]} 32. d3 {[%emt 0:00:01]} Nd6 {[%emt 0:00:03]} 33. Bxa7 {[%emt 0:00:01]} Nb5 {[%emt 0:00:01]} 34. Be3 {[%emt 0:00:08]} Kf7 {[%emt 0:00:02]} 35. a4 {[%emt 0:00:01]} Nc3 {[%emt 0:00:02]} 36. Kf2 {[%emt 0:00:01]} Ke6 {[%emt 0:00:02]} 37. Bd4 {[%emt 0:00:01]} f5 {[%emt 0:00:02]} 38. Bxc3 {[%emt 0:00:01]} Kd5 {[%emt 0:00:03]} 39. Bxg7 {[%emt 0:00:02]} b5 {[%emt 0:00:01]} 40. a5 {[%emt 0:00:01]} b4 {[%emt 0:00:02]} 41. a6 {[%emt 0:00:01]} f4 {[%emt 0:00:00]} 42. a7 {[%emt 0:00:01]} fxg3+ {[%emt 0:00:00]} 43. hxg3 {[%emt 0:00:01]} c5 {[%emt 0:00:01]} 44. a8=Q+ {[%emt 0:00:00]} Kd6 {[%emt 0:00:03]} 45. Qd8+ {[%emt 0:00:02] Hakansimsek70 terk eder (Lag: Av=0.31s, max=0.8s)} 1-0